000 00802cab a2200253 4500
001 WB2914-36
008 090401t1993 xxu||||| |||| 00| 0 eng d
035 _a(Sirsi) u91722
041 _aeng
245 _aJLW leads in deals league
260 _c1993
350 _a0
490 _aEstates Times
_v(1183) 2 April 1993, 4(1)
520 _a"Major office and business park deals in 1992" (EAL Property Research Consultants) finds that Jones Lang Wootton has been involved in the most transactions.
650 _aABOUT RICS-RICS MEMBERS
650 _aPROPERTY DEALS
650 _aPROPERTY DISPOSALS
650 _aPROPERTY TRANSACTIONS
650 _aRANKINGS
650 _aSTATISTICS
690 _aMANAGEMENT-BUSINESS MANAGEMENT-PROFESSIONAL PRACTICE
942 _n0
948 _c04/03/1997
999 _c58215
_d58215